000 00206nam a2200097Ia 4500
999 _c8656
_d8656
100 _aS.M.Yusuf
245 0 _aMathematical Methods
260 _aLahore
_bIlmi Kitab Khana
_c2001
300 _a363
942 _cBK